<?xml version="1.0" encoding="UTF-8"?><?xml-stylesheet type="text/xsl" href="static/style.xsl"?><OAI-PMH xmlns="http://www.openarchives.org/OAI/2.0/" xmlns:xsi="http://www.w3.org/2001/XMLSchema-instance" xsi:schemaLocation="http://www.openarchives.org/OAI/2.0/ http://www.openarchives.org/OAI/2.0/OAI-PMH.xsd"><responseDate>2026-06-29T02:52:17Z</responseDate><request verb="GetRecord" identifier="oai:docta.ucm.es:20.500.14352/109851" metadataPrefix="marc">https://docta.ucm.es/rest/oai/request</request><GetRecord><record><header><identifier>oai:docta.ucm.es:20.500.14352/109851</identifier><datestamp>2025-03-18T15:58:12Z</datestamp><setSpec>com_20.500.14352_14</setSpec><setSpec>col_20.500.14352_15</setSpec></header><metadata><record xmlns="http://www.loc.gov/MARC21/slim" xmlns:dcterms="http://purl.org/dc/terms/" xmlns:xsi="http://www.w3.org/2001/XMLSchema-instance" xmlns:doc="http://www.lyncode.com/xoai" xsi:schemaLocation="http://www.loc.gov/MARC21/slim http://www.loc.gov/standards/marcxml/schema/MARC21slim.xsd">
   <leader>00925njm 22002777a 4500</leader>
   <datafield ind2=" " ind1=" " tag="042">
      <subfield code="a">dc</subfield>
   </datafield>
   <datafield ind2=" " ind1=" " tag="720">
      <subfield code="a">Hernández Ortega, José Antonio</subfield>
      <subfield code="e">author</subfield>
   </datafield>
   <datafield ind2=" " ind1=" " tag="720">
      <subfield code="a">Rovira-Collado, José</subfield>
      <subfield code="e">author</subfield>
   </datafield>
   <datafield ind2=" " ind1=" " tag="720">
      <subfield code="a">Álvarez-Herrero, Juan-Francisco</subfield>
      <subfield code="e">author</subfield>
   </datafield>
   <datafield ind2=" " ind1=" " tag="260">
      <subfield code="c">2021-07-02</subfield>
   </datafield>
   <datafield ind2=" " ind1=" " tag="520">
      <subfield code="a">En el presente trabajo se justifica la utilización de las metodologías activas en la Didáctica de la Lengua y la Literatura. El objetivo principal de este estudio pretende dar a conocer una selección de propuestas basadas en el Aprendizaje Basado en Proyectos (ABP) en los cursos de Educación Secundaria y Bachillerato a partir de una serie de variables y descriptores de los mismos que nos permiten identificar elementos constitutivos a todos ellos. El marco teórico, fundamentado en la Orden ECD/65/2015, de 21 de enero, nos permite destacar qué aspectos procedimentales y competenciales se consiguen consolidar gracias a las propuestas analizadas, a partir de iniciativas previas proporcionadas por Gómez Trigueros y Ruiz Bañuls (2017, 2018). El aprendizaje competencial e interdisciplinar (García-Peñalvo y Ramírez, 2017) favorece el desarrollo horizontal de nuevos procedimientos y saberes que tienen en las metodologías activas su máximo exponente.</subfield>
   </datafield>
   <datafield ind2=" " ind1=" " tag="520">
      <subfield code="a">The present work justifies the use of active methodologies in Didactics of Language and Literature. The main target of this study aims to present a selection of proposed examples based on Project Based Learning (PBL) in Secondary Education and Baccalaureate courses from a series of variables and descriptors of the same that allow us to identify constitutive elements of all of them. The theoretical framework, based on Order ECD / 65/2015, of January 21st, makes it possible to highlight which procedural and jurisdictional aspects are consolidated thanks to the proposals analyzed, based on previous initiatives contributed by Gómez Trigueros and Ruiz Bañuls (2017, 2018 ). Competition and interdisciplinary learning (García-Peñalvo and Ramírez, 2017) favors the horizontal development of new procedures and knowledge that have their maximum exponent in active methodologies</subfield>
   </datafield>
   <datafield ind1="8" ind2=" " tag="024">
      <subfield code="a">Hernández Ortega, J., Rovira Collado, J., &amp; Álvarez Herrero, J. F. (2021). Metodologías activas para un aprendizaje transmedia de la Lengua y la Literatura. El Guiniguada, 30, 122-134. https://doi.org/10.20420/ELGUINIGUADA.2021.409</subfield>
   </datafield>
   <datafield ind1="8" ind2=" " tag="024">
      <subfield code="a">0213-0610</subfield>
   </datafield>
   <datafield ind1="8" ind2=" " tag="024">
      <subfield code="a">10.20420/ElGuiniguada.2021.409</subfield>
   </datafield>
   <datafield ind1="8" ind2=" " tag="024">
      <subfield code="a">https://hdl.handle.net/20.500.14352/109851</subfield>
   </datafield>
   <datafield ind1="8" ind2=" " tag="024">
      <subfield code="a">2386-3374</subfield>
   </datafield>
   <datafield ind1="8" ind2=" " tag="024">
      <subfield code="a">https://doi.org/10.20420/ElGuiniguada.2021.409</subfield>
   </datafield>
   <datafield ind1="8" ind2=" " tag="024">
      <subfield code="a">https://produccioncientifica.ucm.es/documentos/634364f872ca0804099a0abd</subfield>
   </datafield>
   <datafield ind1="8" ind2=" " tag="024">
      <subfield code="a">https://dialnet.unirioja.es/servlet/articulo?codigo=7984747</subfield>
   </datafield>
   <datafield ind1="8" ind2=" " tag="024">
      <subfield code="a">https://ojsspdc.ulpgc.es/ojs/index.php/ElGuiniguada/article/view/1325</subfield>
   </datafield>
   <datafield ind1="8" ind2=" " tag="024">
      <subfield code="a">https://scholar.google.com/scholar_lookup?title=Metodolog%C3%ADas+activas+para+un+aprendizaje+transmedia+de+la+Lengua+y+la+Literatura&amp;author=Hern%C3%A1ndez-Ortega%2C+Jos%C3%A9&amp;author=Rovira-Collado%2C+Jos%C3%A9&amp;author=%C3%81lvarez-Herrero%2C+Juan+Francisco&amp;publication_year=2021&amp;journal=El+Guiniguada&amp;volume=30&amp;issue=&amp;pages=122-134&amp;doi=10.20420/ELGUINIGUADA.2021.409&amp;issn=0213-0610&amp;hl=es</subfield>
   </datafield>
   <datafield ind2="0" ind1="0" tag="245">
      <subfield code="a">Metodologías activas para un aprendizaje transmedia de la Lengua y la Literatura</subfield>
   </datafield>
</record></metadata></record></GetRecord></OAI-PMH>